[Event "DEM U16w 2023"]
[Site "Willingen GER"]
[Date "2023.06.01"]
[Round "7"]
[White "Ottlik, Marie"]
[Black "Rotärmel, Leonie"]
[Result "0-1"]
[Termination "normal"]
[Board "12"]
[WhiteElo "1552"]
[BlackElo "1606"]
[WhiteClock "00:29:38"]
[BlackClock "00:24:45"]
[PlyCount "88"]
[WhiteFideId "16281730"]
[BlackFideId "16281390"]
[EventCountry "GER"]
[EventRounds "9"]
[EventType "swiss"]
[EventDate "2023.05.27"]

1. e4 {[%clk 01:30:57]} {[%emt 00:00:04]} c6 {[%clk 01:30:51]} {[%emt
00:00:09]} 2. d4 {[%clk 01:31:21]} {[%emt 00:00:06]} d5 {[%clk 01:31:16]}
{[%emt 00:00:05]} 3. exd5 {[%clk 01:31:46]} {[%emt 00:00:05]} cxd5 {[%clk
01:31:38]} {[%emt 00:00:07]} 4. Bd3 {[%clk 01:32:11]} {[%emt 00:00:05]} Nc6
{[%clk 01:31:58]} {[%emt 00:00:10]} 5. c3 {[%clk 01:32:35]} {[%emt 00:00:06]}
Nf6 {[%clk 01:32:20]} {[%emt 00:00:08]} 6. Bf4 {[%clk 01:32:35]} {[%emt
00:00:30]} Bg4 {[%clk 01:32:40]} {[%emt 00:00:11]} 7. Qb3 {[%clk 01:32:51]}
{[%emt 00:00:13]} Qd7 {[%clk 01:33:05]} {[%emt 00:00:06]} 8. Nd2 {[%clk
01:32:28]} {[%emt 00:00:52]} e6 {[%clk 01:33:14]} {[%emt 00:00:20]} 9. Ngf3
{[%clk 01:32:43]} {[%emt 00:00:16]} Bd6 {[%clk 01:33:32]} {[%emt 00:00:12]} 10.
Bxd6 {[%clk 01:32:11]} {[%emt 00:01:01]} Qxd6 {[%clk 01:33:55]} {[%emt
00:00:06]} 11. O-O {[%clk 01:31:35]} {[%emt 00:01:07]} Qc7 {[%clk 01:18:04]}
{[%emt 00:16:21]} 12. Rae1 {[%clk 01:24:32]} {[%emt 00:07:33]} O-O {[%clk
01:16:56]} {[%emt 00:01:38]} 13. Ne5 {[%clk 01:15:34]} {[%emt 00:09:28]} Nxe5
{[%clk 01:03:00]} {[%emt 00:14:27]} 14. Rxe5 {[%clk 01:15:17]} {[%emt
00:00:45]} Rab8 {[%clk 00:48:51]} {[%emt 00:14:39]} 15. Qc2 {[%clk 01:08:34]}
{[%emt 00:07:14]} g6 {[%clk 00:40:48]} {[%emt 00:08:33]} 16. h3 {[%clk
01:02:57]} {[%emt 00:06:07]} Bf5 {[%clk 00:40:51]} {[%emt 00:00:26]} 17. Bxf5
{[%clk 01:02:34]} {[%emt 00:00:53]} gxf5 {[%clk 00:26:06]} {[%emt 00:15:16]}
18. Nf3 {[%clk 00:46:25]} {[%emt 00:16:39]} Kh8 {[%clk 00:18:47]} {[%emt
00:07:49]} 19. Qd2 {[%clk 00:38:47]} {[%emt 00:08:08]} Rg8 {[%clk 00:14:14]}
{[%emt 00:05:00]} 20. Kh1 {[%clk 00:33:27]} {[%emt 00:05:52]} Ne4 {[%clk
00:10:57]} {[%emt 00:03:48]} 21. Qh6 {[%clk 00:22:13]} {[%emt 00:11:42]} Rg6
{[%clk 00:09:32]} {[%emt 00:01:55]} 22. Qh4 {[%clk 00:22:14]} {[%emt 00:00:30]}
Rbg8 {[%clk 00:09:28]} {[%emt 00:00:34]} 23. Rg1 {[%clk 00:19:53]} {[%emt
00:02:51]} Qd8 {[%clk 00:06:06]} {[%emt 00:03:52]} 24. Rf1 {[%clk 00:15:03]}
{[%emt 00:05:21]} Qd7 {[%clk 00:05:43]} {[%emt 00:00:53]} 25. g4 {[%clk
00:09:32]} {[%emt 00:06:01]} fxg4 {[%clk 00:00:48]} {[%emt 00:05:25]} 26. Rh5
{[%clk 00:09:55]} {[%emt 00:00:06]} f6 {[%clk 00:00:57]} {[%emt 00:00:22]} 27.
hxg4 {[%clk 00:07:59]} {[%emt 00:02:26]} Rxg4 {[%clk 00:01:15]} {[%emt
00:00:12]} 28. Qh2 {[%clk 00:06:50]} {[%emt 00:01:38]} Qg7 {[%clk 00:01:22]}
{[%emt 00:00:24]} 29. Rg1 {[%clk 00:03:25]} {[%emt 00:03:55]} Rxg1+ {[%clk
00:00:55]} {[%emt 00:00:58]} 30. Nxg1 {[%clk 00:03:53]} {[%emt 00:00:03]} Qg6
{[%clk 00:00:57]} {[%emt 00:00:27]} 31. Rh4 {[%clk 00:02:07]} {[%emt 00:02:15]}
Rg7 {[%clk 00:00:54]} {[%emt 00:00:35]} 32. Qb8+ {[%clk 00:02:01]} {[%emt
00:00:35]} Rg8 {[%clk 00:01:18]} {[%emt 00:00:05]} 33. Qh2 {[%clk 00:02:14]}
{[%emt 00:00:18]} Qf5 {[%clk 00:00:56]} {[%emt 00:00:52]} 34. Rf4 {[%clk
00:00:52]} {[%emt 00:01:52]} Qg5 {[%clk 00:00:59]} {[%emt 00:00:25]} 35. Rh4
{[%clk 00:01:12]} {[%emt 00:00:12]} Qf5 {[%clk 00:01:19]} {[%emt 00:00:10]} 36.
Rf4 {[%clk 00:01:34]} {[%emt 00:00:07]} Qg6 {[%clk 00:01:44]} {[%emt 00:00:04]}
37. Rh4 {[%clk 00:01:11]} {[%emt 00:00:54]} Nd2 {[%clk 00:01:05]} {[%emt
00:01:09]} 38. Rh6 {[%clk 00:00:52]} {[%emt 00:00:49]} Qg7 {[%clk 00:01:21]}
{[%emt 00:00:14]} 39. Rh5 {[%clk 00:00:52]} {[%emt 00:00:30]} Nf1 {[%clk
00:01:31]} {[%emt 00:00:19]} 40. Rxh7+ {[%clk 00:30:09]} {[%emt 00:01:13]} Qxh7
{[%clk 00:31:55]} {[%emt 00:00:07]} 41. Qxh7+ {[%clk 00:30:28]} {[%emt
00:00:10]} Kxh7 {[%clk 00:32:20]} {[%emt 00:00:06]} 42. Nf3 {[%clk 00:30:40]}
{[%emt 00:00:18]} Rg4 {[%clk 00:27:17]} {[%emt 00:05:31]} 43. b3 {[%clk
00:30:28]} {[%emt 00:00:44]} b5 {[%clk 00:25:31]} {[%emt 00:02:15]} 44. a3
{[%clk 00:29:38]} {[%emt 00:01:21]} Kg6 {[%clk 00:24:45]} {[%emt 00:01:13]} 0-1

[Event "DEM U16w 2023"]
[Site "Willingen GER"]
[Date "2023.06.01"]
[Round "7"]
[White "Heuberger, Sandra"]
[Black "Kern, Jennifer"]
[Result "0-1"]
[Termination "normal"]
[Board "13"]
[WhiteElo "1196"]
[BlackElo "1333"]
[WhiteClock "00:08:42"]
[BlackClock "00:05:18"]
[PlyCount "78"]
[WhiteFideId "16232151"]
[BlackFideId "16251350"]
[EventCountry "GER"]
[EventRounds "9"]
[EventType "swiss"]
[EventDate "2023.05.27"]

1. d4 {[%clk 01:30:58]} {[%emt 00:00:02]} d5 {[%clk 01:30:54]} {[%emt
00:00:06]} 2. c4 {[%clk 01:31:21]} {[%emt 00:00:07]} dxc4 {[%clk 01:31:13]}
{[%emt 00:00:10]} 3. e3 {[%clk 01:31:24]} {[%emt 00:00:26]} Nf6 {[%clk
01:31:01]} {[%emt 00:00:44]} 4. Bxc4 {[%clk 01:31:41]} {[%emt 00:00:13]} a6
{[%clk 01:30:51]} {[%emt 00:00:40]} 5. Nf3 {[%clk 01:31:24]} {[%emt 00:00:46]}
e6 {[%clk 01:30:24]} {[%emt 00:00:57]} 6. O-O {[%clk 01:31:28]} {[%emt
00:00:26]} b5 {[%clk 01:30:07]} {[%emt 00:00:48]} 7. Bd3 {[%clk 01:30:51]}
{[%emt 00:01:07]} Bb7 {[%clk 01:30:11]} {[%emt 00:00:26]} 8. Re1 {[%clk
01:29:14]} {[%emt 00:02:07]} Be7 {[%clk 01:29:42]} {[%emt 00:00:59]} 9. a3
{[%clk 01:27:29]} {[%emt 00:02:16]} c5 {[%clk 01:29:35]} {[%emt 00:00:35]} 10.
b3 {[%clk 01:25:29]} {[%emt 00:02:31]} O-O {[%clk 01:27:26]} {[%emt 00:02:39]}
11. Nbd2 {[%clk 01:23:35]} {[%emt 00:02:21]} Nc6 {[%clk 01:26:24]} {[%emt
00:01:35]} 12. Nf1 {[%clk 01:22:53]} {[%emt 00:01:12]} Qc7 {[%clk 01:19:20]}
{[%emt 00:07:33]} 13. Ng3 {[%clk 01:21:33]} {[%emt 00:01:50]} Rad8 {[%clk
01:12:58]} {[%emt 00:06:53]} 14. Bb2 {[%clk 01:18:53]} {[%emt 00:03:11]} h6
{[%clk 01:08:50]} {[%emt 00:04:37]} 15. Rc1 {[%clk 01:17:27]} {[%emt 00:01:56]}
Qb6 {[%clk 01:07:20]} {[%emt 00:01:59]} 16. Qe2 {[%clk 01:12:56]} {[%emt
00:05:02]} Rd7 {[%clk 00:54:13]} {[%emt 00:13:36]} 17. Red1 {[%clk 01:10:38]}
{[%emt 00:02:49]} Rfd8 {[%clk 00:48:04]} {[%emt 00:06:39]} 18. Bb1 {[%clk
01:10:10]} {[%emt 00:00:59]} Rc7 {[%clk 00:35:55]} {[%emt 00:12:38]} 19. Qc2
{[%clk 01:03:07]} {[%emt 00:07:33]} Rcc8 {[%clk 00:24:44]} {[%emt 00:11:41]}
20. Nh5 {[%clk 00:54:50]} {[%emt 00:08:45]} cxd4 {[%clk 00:20:41]} {[%emt
00:04:34]} 21. exd4 {[%clk 00:35:41]} {[%emt 00:19:39]} Na7 {[%clk 00:13:44]}
{[%emt 00:07:28]} 22. Nxf6+ {[%clk 00:33:59]} {[%emt 00:02:11]} Bxf6 {[%clk
00:13:49]} {[%emt 00:00:25]} 23. Qh7+ {[%clk 00:33:28]} {[%emt 00:01:00]} Kf8
{[%clk 00:14:02]} {[%emt 00:00:18]} 24. Bc3 {[%clk 00:29:25]} {[%emt 00:04:33]}
a5 {[%clk 00:10:14]} {[%emt 00:04:18]} 25. Be4 {[%clk 00:21:17]} {[%emt
00:08:37]} b4 {[%clk 00:07:45]} {[%emt 00:03:00]} 26. Bb2 {[%clk 00:20:35]}
{[%emt 00:01:12]} Rxc1 {[%clk 00:07:23]} {[%emt 00:00:52]} 27. Rxc1 {[%clk
00:20:50]} {[%emt 00:00:15]} Ba6 {[%clk 00:07:29]} {[%emt 00:00:25]} 28. a4
{[%clk 00:19:50]} {[%emt 00:01:30]} Ke7 {[%clk 00:06:44]} {[%emt 00:01:14]} 29.
Bb1 {[%clk 00:19:15]} {[%emt 00:01:04]} Nc6 {[%clk 00:06:05]} {[%emt 00:01:10]}
30. Qe4 {[%clk 00:18:57]} {[%emt 00:00:46]} Bxd4 {[%clk 00:04:57]} {[%emt
00:01:40]} 31. Rxc6 {[%clk 00:09:55]} {[%emt 00:09:31]} Bxf2+ {[%clk 00:04:33]}
{[%emt 00:00:55]} 32. Kh1 {[%clk 00:09:50]} {[%emt 00:00:35]} Rd1+ {[%clk
00:04:39]} {[%emt 00:00:23]} 33. Ne1 {[%clk 00:09:48]} {[%emt 00:00:32]} Qxc6
{[%clk 00:04:05]} {[%emt 00:01:05]} 34. h3 {[%clk 00:07:49]} {[%emt 00:02:29]}
Rxe1+ {[%clk 00:04:10]} {[%emt 00:00:26]} 35. Qxe1 {[%clk 00:08:10]} {[%emt
00:00:07]} Bxe1 {[%clk 00:04:33]} {[%emt 00:00:08]} 36. Bxg7 {[%clk 00:08:18]}
{[%emt 00:00:22]} Bf1 {[%clk 00:04:32]} {[%emt 00:00:31]} 37. Be4 {[%clk
00:08:05]} {[%emt 00:00:43]} Qxe4 {[%clk 00:04:52]} {[%emt 00:00:10]} 38. Bf6+
{[%clk 00:08:23]} {[%emt 00:00:12]} Kxf6 {[%clk 00:04:59]} {[%emt 00:00:23]}
39. h4 {[%clk 00:08:42]} {[%emt 00:00:11]} Qxg2# {[%clk 00:05:18]} {[%emt
00:00:10]} *

[Event "DEM U16w 2023"]
[Site "Willingen GER"]
[Date "2023.06.03"]
[Round "9"]
[White "Trunz, Michelle"]
[Black "Sereda, Yaroslava"]
[Result "0-1"]
[Termination "normal"]
[Board "2"]
[WhiteElo "1972"]
[BlackElo "1890"]
[WhiteClock "00:06:52"]
[BlackClock "00:00:52"]
[PlyCount "68"]
[WhiteFideId "16227980"]
[BlackFideId "14178940"]
[EventCountry "GER"]
[EventRounds "9"]
[EventType "swiss"]
[EventDate "2023.05.27"]

1. d4 {[%clk 01:30:58]} d5 {[%clk 01:30:51]} {[%emt 00:00:09]} 2. c4 {[%clk
01:31:23]} {[%emt 00:00:05]} e6 {[%clk 01:31:13]} {[%emt 00:00:08]} 3. Nc3
{[%clk 01:31:47]} {[%emt 00:00:05]} Nf6 {[%clk 01:31:36]} {[%emt 00:00:08]} 4.
Bg5 {[%clk 01:32:10]} {[%emt 00:00:07]} Be7 {[%clk 01:31:45]} {[%emt 00:00:20]}
5. e3 {[%clk 01:32:29]} {[%emt 00:00:11]} O-O {[%clk 01:31:46]} {[%emt
00:00:29]} 6. Nf3 {[%clk 01:32:46]} {[%emt 00:00:13]} h6 {[%clk 01:31:53]}
{[%emt 00:00:23]} 7. Bh4 {[%clk 01:33:01]} {[%emt 00:00:14]} b6 {[%clk
01:31:58]} {[%emt 00:00:26]} 8. cxd5 {[%clk 01:32:53]} {[%emt 00:00:38]} Nxd5
{[%clk 01:32:14]} {[%emt 00:00:14]} 9. Bxe7 {[%clk 01:33:04]} {[%emt 00:00:19]}
Qxe7 {[%clk 01:32:33]} {[%emt 00:00:10]} 10. Nxd5 {[%clk 01:32:39]} {[%emt
00:00:55]} exd5 {[%clk 01:32:54]} {[%emt 00:00:10]} 11. Bd3 {[%clk 01:32:04]}
{[%emt 00:01:05]} Be6 {[%clk 01:27:32]} {[%emt 00:05:52]} 12. O-O {[%clk
01:32:13]} {[%emt 00:00:21]} c5 {[%clk 01:12:05]} {[%emt 00:15:56]} 13. b3
{[%clk 01:25:59]} {[%emt 00:06:44]} Nd7 {[%clk 01:08:20]} {[%emt 00:04:14]} 14.
Qe2 {[%clk 01:24:30]} {[%emt 00:01:59]} Rac8 {[%clk 00:59:27]} {[%emt
00:09:23]} 15. Rac1 {[%clk 01:23:44]} {[%emt 00:01:16]} Qf6 {[%clk 00:51:00]}
{[%emt 00:08:58]} 16. Ba6 {[%clk 01:18:59]} {[%emt 00:05:15]} Rcd8 {[%clk
00:41:31]} {[%emt 00:09:59]} 17. Bb5 {[%clk 01:17:02]} {[%emt 00:02:27]} Qe7
{[%clk 00:40:43]} {[%emt 00:01:19]} 18. Qb2 {[%clk 01:08:08]} {[%emt 00:09:24]}
Nb8 {[%clk 00:34:03]} {[%emt 00:07:10]} 19. Qa3 {[%clk 01:02:14]} {[%emt
00:06:24]} Rc8 {[%clk 00:33:44]} {[%emt 00:00:49]} 20. Rc3 {[%clk 00:56:14]}
{[%emt 00:06:29]} Rc7 {[%clk 00:32:34]} {[%emt 00:01:40]} 21. Rfc1 {[%clk
00:55:07]} {[%emt 00:01:38]} Rfc8 {[%clk 00:26:32]} {[%emt 00:06:32]} 22. Ne5
{[%clk 00:53:10]} {[%emt 00:02:26]} Bf5 {[%clk 00:17:47]} {[%emt 00:09:16]} 23.
Be2 {[%clk 00:33:54]} {[%emt 00:19:45]} Be6 {[%clk 00:12:38]} {[%emt 00:05:39]}
24. Bf3 {[%clk 00:31:40]} {[%emt 00:02:44]} Qf8 {[%clk 00:10:03]} {[%emt
00:03:06]} 25. Qb2 {[%clk 00:29:44]} {[%emt 00:02:26]} b5 {[%clk 00:05:13]}
{[%emt 00:05:20]} 26. Nd3 {[%clk 00:17:09]} {[%emt 00:13:05]} c4 {[%clk
00:02:14]} {[%emt 00:03:28]} 27. bxc4 {[%clk 00:16:31]} {[%emt 00:01:07]} bxc4
{[%clk 00:02:23]} {[%emt 00:00:23]} 28. Nf4 {[%clk 00:15:45]} {[%emt 00:01:15]}
Qd6 {[%clk 00:02:07]} {[%emt 00:00:47]} 29. Qb5 {[%clk 00:14:46]} {[%emt
00:01:29]} Rd8 {[%clk 00:01:50]} {[%emt 00:00:47]} 30. Qa4 {[%clk 00:11:07]}
{[%emt 00:04:09]} Rc6 {[%clk 00:01:00]} {[%emt 00:01:19]} 31. Rb1 {[%clk
00:09:09]} {[%emt 00:02:28]} Ra6 {[%clk 00:01:10]} {[%emt 00:00:21]} 32. Qc2
{[%clk 00:09:01]} {[%emt 00:00:37]} Nc6 {[%clk 00:01:06]} {[%emt 00:00:34]} 33.
Nxe6 {[%clk 00:08:53]} {[%emt 00:00:38]} Qxe6 {[%clk 00:01:00]} {[%emt
00:00:36]} 34. Rb5 {[%clk 00:06:52]} {[%emt 00:02:31]} Nxd4 {[%clk 00:00:52]}
{[%emt 00:00:39]} 0-1

[Event "DEM U16w 2023"]
[Site "Willingen GER"]
[Date "2023.06.03"]
[Round "9"]
[White "Hubert, Charlotte"]
[Black "Prinzen, Siri Marleen"]
[Result "1-0"]
[Termination "normal"]
[Board "3"]
[WhiteElo "1842"]
[BlackElo "1724"]
[WhiteClock "00:10:56"]
[BlackClock "00:01:01"]
[PlyCount "67"]
[WhiteFideId "16265920"]
[BlackFideId "16265912"]
[EventCountry "GER"]
[EventRounds "9"]
[EventType "swiss"]
[EventDate "2023.05.27"]

1. e4 {[%clk 01:30:57]} {[%emt 00:00:02]} c5 {[%clk 01:30:55]} {[%emt
00:00:06]} 2. Nf3 {[%clk 01:31:20]} {[%emt 00:00:06]} e6 {[%clk 01:31:14]}
{[%emt 00:00:11]} 3. d4 {[%clk 01:31:45]} {[%emt 00:00:05]} cxd4 {[%clk
01:31:39]} {[%emt 00:00:05]} 4. Nxd4 {[%clk 01:32:11]} {[%emt 00:00:04]} Nc6
{[%clk 01:32:01]} {[%emt 00:00:08]} 5. Nc3 {[%clk 01:32:22]} {[%emt 00:00:18]}
Nf6 {[%clk 01:32:15]} {[%emt 00:00:16]} 6. Ndb5 {[%clk 01:32:23]} {[%emt
00:00:29]} Bb4 {[%clk 01:32:14]} {[%emt 00:00:31]} 7. a3 {[%clk 01:32:44]}
{[%emt 00:00:09]} Bxc3+ {[%clk 01:32:35]} {[%emt 00:00:08]} 8. Nxc3 {[%clk
01:33:10]} {[%emt 00:00:04]} d5 {[%clk 01:32:27]} {[%emt 00:00:39]} 9. exd5
{[%clk 01:32:42]} {[%emt 00:00:58]} exd5 {[%clk 01:32:47]} {[%emt 00:00:10]}
10. Bd3 {[%clk 01:31:54]} {[%emt 00:01:16]} O-O {[%clk 01:31:54]} {[%emt
00:01:23]} 11. O-O {[%clk 01:32:17]} {[%emt 00:00:07]} Bg4 {[%clk 01:31:58]}
{[%emt 00:00:27]} 12. Be2 {[%clk 01:19:08]} {[%emt 00:13:40]} Bxe2 {[%clk
01:29:53]} {[%emt 00:02:34]} 13. Nxe2 {[%clk 01:19:21]} {[%emt 00:00:17]} h6
{[%clk 01:17:09]} {[%emt 00:13:14]} 14. Be3 {[%clk 01:13:16]} {[%emt 00:06:35]}
Rc8 {[%clk 01:12:01]} {[%emt 00:05:39]} 15. h3 {[%clk 01:03:51]} {[%emt
00:09:54]} b6 {[%clk 01:06:58]} {[%emt 00:05:33]} 16. Re1 {[%clk 00:58:40]}
{[%emt 00:05:41]} Qc7 {[%clk 00:50:47]} {[%emt 00:16:42]} 17. Bf4 {[%clk
00:51:07]} {[%emt 00:08:02]} Qd7 {[%clk 00:49:26]} {[%emt 00:01:52]} 18. Ng3
{[%clk 00:46:13]} {[%emt 00:05:24]} Rfd8 {[%clk 00:44:10]} {[%emt 00:05:46]}
19. Qd3 {[%clk 00:43:40]} {[%emt 00:03:03]} Na5 {[%clk 00:35:46]} {[%emt
00:08:54]} 20. Be5 {[%clk 00:38:17]} {[%emt 00:05:54]} Ne8 {[%clk 00:22:21]}
{[%emt 00:13:54]} 21. Nf5 {[%clk 00:30:48]} {[%emt 00:07:59]} f6 {[%clk
00:15:55]} {[%emt 00:06:57]} 22. Bxf6 {[%clk 00:20:25]} {[%emt 00:10:52]} Nxf6
{[%clk 00:13:10]} {[%emt 00:03:14]} 23. Re7 {[%clk 00:20:48]} {[%emt 00:00:08]}
Nc6 {[%clk 00:08:16]} {[%emt 00:05:24]} 24. Nxh6+ {[%clk 00:16:41]} {[%emt
00:04:37]} Kf8 {[%clk 00:07:46]} {[%emt 00:01:00]} 25. Rxd7 {[%clk 00:17:00]}
{[%emt 00:00:11]} Rxd7 {[%clk 00:07:42]} {[%emt 00:00:34]} 26. Ng4 {[%clk
00:16:29]} {[%emt 00:01:01]} Nxg4 {[%clk 00:03:48]} {[%emt 00:04:25]} 27. hxg4
{[%clk 00:16:54]} {[%emt 00:00:05]} Ne7 {[%clk 00:04:00]} {[%emt 00:00:18]} 28.
Qh7 {[%clk 00:15:19]} {[%emt 00:02:05]} Rd6 {[%clk 00:02:52]} {[%emt 00:01:39]}
29. Re1 {[%clk 00:12:58]} {[%emt 00:02:51]} Rh6 {[%clk 00:01:38]} {[%emt
00:01:44]} 30. Qd3 {[%clk 00:13:18]} {[%emt 00:00:10]} Rf6 {[%clk 00:01:44]}
{[%emt 00:00:24]} 31. g5 {[%clk 00:12:50]} {[%emt 00:00:58]} Rf7 {[%clk
00:01:40]} {[%emt 00:00:35]} 32. Re6 {[%clk 00:11:30]} {[%emt 00:01:49]} g6
{[%clk 00:01:22]} {[%emt 00:00:48]} 33. Qh3 {[%clk 00:10:43]} {[%emt 00:01:17]}
Ke8 {[%clk 00:01:01]} {[%emt 00:00:51]} 34. Rxe7+ {[%clk 00:10:56]} {[%emt
00:00:17]} 1-0

[Event "DEM U16w 2023"]
[Site "Willingen GER"]
[Date "2023.06.03"]
[Round "9"]
[White "Nguyen, Jenny Ha-Linh"]
[Black "Voigt, Anastasia"]
[Result "0-1"]
[Termination "normal"]
[Board "4"]
[WhiteElo "1554"]
[BlackElo "1821"]
[WhiteClock "00:13:06"]
[BlackClock "00:25:33"]
[PlyCount "100"]
[WhiteFideId "16209729"]
[BlackFideId "16235223"]
[EventCountry "GER"]
[EventRounds "9"]
[EventType "swiss"]
[EventDate "2023.05.27"]

1. e4 {[%clk 01:30:58]} e5 {[%clk 01:30:56]} {[%emt 00:00:05]} 2. Nf3 {[%clk
01:31:23]} {[%emt 00:00:05]} Nc6 {[%clk 01:31:22]} {[%emt 00:00:05]} 3. Bc4
{[%clk 01:31:47]} {[%emt 00:00:05]} Nf6 {[%clk 01:31:41]} {[%emt 00:00:11]} 4.
d3 {[%clk 01:32:04]} {[%emt 00:00:12]} Be7 {[%clk 01:32:00]} {[%emt 00:00:14]}
5. c3 {[%clk 01:31:55]} {[%emt 00:00:37]} O-O {[%clk 01:32:08]} {[%emt
00:00:22]} 6. O-O {[%clk 01:32:16]} {[%emt 00:00:09]} d6 {[%clk 01:32:15]}
{[%emt 00:00:23]} 7. Nbd2 {[%clk 01:31:47]} {[%emt 00:00:59]} Na5 {[%clk
01:32:04]} {[%emt 00:00:41]} 8. Bb5 {[%clk 01:31:25]} {[%emt 00:00:52]} a6
{[%clk 01:29:54]} {[%emt 00:02:41]} 9. Ba4 {[%clk 01:31:04]} {[%emt 00:00:51]}
b5 {[%clk 01:29:32]} {[%emt 00:00:52]} 10. Bc2 {[%clk 01:31:14]} {[%emt
00:00:20]} c5 {[%clk 01:28:58]} {[%emt 00:01:04]} 11. d4 {[%clk 01:29:25]}
{[%emt 00:02:18]} Qc7 {[%clk 01:28:39]} {[%emt 00:00:49]} 12. dxe5 {[%clk
01:27:18]} {[%emt 00:02:38]} dxe5 {[%clk 01:28:56]} {[%emt 00:00:13]} 13. Re1
{[%clk 01:23:17]} {[%emt 00:04:30]} Rd8 {[%clk 01:27:42]} {[%emt 00:01:43]} 14.
Qe2 {[%clk 01:18:35]} {[%emt 00:05:13]} c4 {[%clk 01:14:05]} {[%emt 00:14:07]}
15. Nf1 {[%clk 01:03:30]} {[%emt 00:15:34]} Nb7 {[%clk 01:05:56]} {[%emt
00:08:39]} 16. Bg5 {[%clk 00:58:50]} {[%emt 00:05:11]} Nc5 {[%clk 01:04:59]}
{[%emt 00:01:26]} 17. Rad1 {[%clk 00:58:44]} {[%emt 00:00:37]} Bb7 {[%clk
01:00:02]} {[%emt 00:05:27]} 18. Ng3 {[%clk 00:49:40]} {[%emt 00:09:35]} h6
{[%clk 00:57:31]} {[%emt 00:03:00]} 19. Bxf6 {[%clk 00:47:43]} {[%emt
00:02:27]} Bxf6 {[%clk 00:57:55]} {[%emt 00:00:05]} 20. Nf5 {[%clk 00:46:52]}
{[%emt 00:01:21]} Rxd1 {[%clk 00:56:58]} {[%emt 00:01:28]} 21. Rxd1 {[%clk
00:47:14]} {[%emt 00:00:08]} Rd8 {[%clk 00:57:23]} {[%emt 00:00:04]} 22. Rxd8+
{[%clk 00:47:04]} {[%emt 00:00:41]} Qxd8 {[%clk 00:57:48]} {[%emt 00:00:05]}
23. Ne1 {[%clk 00:44:03]} {[%emt 00:03:31]} Bg5 {[%clk 00:52:29]} {[%emt
00:05:46]} 24. Nf3 {[%clk 00:40:27]} {[%emt 00:04:08]} g6 {[%clk 00:50:26]}
{[%emt 00:02:33]} 25. Ng3 {[%clk 00:39:03]} {[%emt 00:01:54]} Bf4 {[%clk
00:49:58]} {[%emt 00:00:56]} 26. Nf1 {[%clk 00:34:18]} {[%emt 00:05:16]} h5
{[%clk 00:46:22]} {[%emt 00:04:07]} 27. g3 {[%clk 00:31:11]} {[%emt 00:03:38]}
Bc1 {[%clk 00:44:01]} {[%emt 00:02:49]} 28. b4 {[%clk 00:25:04]} {[%emt
00:06:37]} Nd3 {[%clk 00:39:57]} {[%emt 00:04:33]} 29. Qd1 {[%clk 00:22:55]}
{[%emt 00:02:40]} Bxe4 {[%clk 00:38:09]} {[%emt 00:02:19]} 30. Nxe5 {[%clk
00:21:02]} {[%emt 00:02:22]} Bg5 {[%clk 00:38:27]} {[%emt 00:00:11]} 31. h4
{[%clk 00:16:55]} {[%emt 00:04:37]} Bf6 {[%clk 00:37:18]} {[%emt 00:01:36]} 32.
Nxd3 {[%clk 00:15:39]} {[%emt 00:01:49]} cxd3 {[%clk 00:35:44]} {[%emt
00:02:04]} 33. Bb1 {[%clk 00:15:01]} {[%emt 00:01:08]} Bxc3 {[%clk 00:34:37]}
{[%emt 00:01:37]} 34. Ne3 {[%clk 00:13:57]} {[%emt 00:01:33]} Bd4 {[%clk
00:29:24]} {[%emt 00:05:40]} 35. Nf1 {[%clk 00:12:25]} {[%emt 00:02:06]} Qf6
{[%clk 00:28:28]} {[%emt 00:01:26]} 36. Ne3 {[%clk 00:11:25]} {[%emt 00:01:30]}
Bxe3 {[%clk 00:25:33]} {[%emt 00:03:25]} 37. fxe3 {[%clk 00:11:50]} {[%emt
00:00:05]} Qb2 {[%clk 00:25:46]} {[%emt 00:00:15]} 38. Kf1 {[%clk 00:10:56]}
{[%emt 00:01:25]} Qg2+ {[%clk 00:25:10]} {[%emt 00:01:06]} 39. Ke1 {[%clk
00:11:20]} {[%emt 00:00:07]} d2+ {[%clk 00:22:59]} {[%emt 00:02:40]} 40. Qxd2
{[%clk 00:11:26]} {[%emt 00:00:24]} Qxg3+ {[%clk 00:22:49]} {[%emt 00:00:39]}
41. Kd1 {[%clk 00:11:36]} {[%emt 00:00:22]} Qg1+ {[%clk 00:22:40]} {[%emt
00:00:37]} 42. Ke2 {[%clk 00:11:55]} {[%emt 00:00:12]} Qg2+ {[%clk 00:22:55]}
{[%emt 00:00:14]} 43. Kd1 {[%clk 00:12:21]} {[%emt 00:00:06]} Qxd2+ {[%clk
00:23:16]} {[%emt 00:00:09]} 44. Kxd2 {[%clk 00:12:46]} {[%emt 00:00:05]} Bxb1
{[%clk 00:23:41]} {[%emt 00:00:05]} 45. a3 {[%clk 00:13:07]} {[%emt 00:00:08]}
Kg7 {[%clk 00:23:45]} {[%emt 00:00:25]} 46. Kc3 {[%clk 00:12:37]} {[%emt
00:01:02]} Kf6 {[%clk 00:24:00]} {[%emt 00:00:14]} 47. Kd4 {[%clk 00:12:56]}
{[%emt 00:00:10]} Kf5 {[%clk 00:24:20]} {[%emt 00:00:10]} 48. Kc5 {[%clk
00:12:22]} {[%emt 00:01:05]} Ke4 {[%clk 00:24:43]} {[%emt 00:00:07]} 49. Kb6
{[%clk 00:12:43]} {[%emt 00:00:10]} Kxe3 {[%clk 00:25:06]} {[%emt 00:00:07]}
50. Kxa6 {[%clk 00:13:06]} {[%emt 00:00:07]} Bd3 {[%clk 00:25:33]} {[%emt
00:00:03]} 0-1